Sports Quiz

Random Sports or Basketball Quiz

NBA Players with Multiple MVPs Quiz Stats

 Plays Quiz Updated Sep 18, 2020

Support Sporcle.
Go Orange.
Score 0/14 Timer 03:00
8 Plays Today
Times Won Player % Correct
5Michael Jordan
97.7%
3Larry Bird
86.2%
3Magic Johnson
85.6%
2Stephen Curry
83.4%
5Bill Russell
77.9%
6Kareem Abdul-Jabbar
76.9%
2Steve Nash
76.7%
Times Won Player % Correct
4Wilt Chamberlain
76.2%
2Tim Duncan
75%
4Lebron James
73.8%
2Giannis Antetokounmpo
67.5%
2Karl Malone
61.8%
3Moses Malone
59.2%
2Bob Pettit
28.1%

You're not logged in!

Compare scores with friends on all Sporcle quizzes.
OR
Log In

From the Vault

Countries With Dependencies

by puckett86

We can't help but think that these places must help out for tax purposes.
Remove Ads.
Support Sporcle.
Get the best of Sporcle when you Go Orange. This ad-free experience offers more features, more stats, and more fun while also helping to support Sporcle. Thank you for becoming a member.

Show Comments

Extras

Top Quizzes Today


Score Distribution

Your Account Isn't Verified!

In order to create a playlist on Sporcle, you need to verify the email address you used during registration. Go to your Sporcle Settings to finish the process.

Report this User

Report this user for behavior that violates our Community Guidelines.

Details: